Quiz sur le livre Harry Potter et la Coupe de Feu - Statistiques

Statistiques générales
  • Ce quiz a été pris 95 fois
  • Le résultat moyen est 21 sur 54
Statistiques - réponses
Information Réponse % Correct
Personnage Harry Potter
93%
Auteure JK Rowling
93%
Personnage Ron Weasley
90%
Personnage Hermione Granger
87%
Personnage Albus Dumbledore
86%
Personnage Fleur Delacour
80%
Personnage Cédric Diggory
79%
Personnage Viktor Krum
79%
Personnage Alastor Maugrey
73%
Personnage Barty Croupton Jr
70%
Titre original Harry Potter and the Goblet of Fire
66%
Personnage Voldemort
61%
Année de parution 2000
59%
Personnage Igor Karkaroff
59%
Personnage Olympe Maxime
56%
Chapitre 16 La Coupe de Feu
47%
Chapitre 20 La première tâche
46%
Chapitre 31 La troisième tâche
44%
Chapitre 26 La deuxième tâche
41%
Chapitre 12 Le Tournoi des Trois Sorciers
41%
Traducteur (Français) Jean-François Ménard
40%
Chapitre 1 La maison des "Jeux du sort"
37%
Chapitre 9 La Marque des Ténèbres
36%
Chapitre 6 Le Portoloin
34%
Chapitre 2 La cicatrice
30%
Chapitre 23 Le bal de Noël
30%
Chapitre 4 Retour au Terrier
30%
Chapitre 13 Maugrey Fol Œil
29%
Chapitre 7 Verpey et Croupton
29%
Chapitre 15 Beauxbâtons et Durmstrang
26%
Chapitre 3 L'invitation
26%
Chapitre 36 La croisée des chemins
24%
Chapitre 22 La tâche inattendue
24%
Chapitre 19 Le Magyar à pointes
24%
Chapitre 18 L'Examen des Baguettes
24%
Chapitre 5 Farces pour sorciers facétieux
23%
Chapitre 37 Le commencement
23%
Chapitre 33 Les Mangemorts
23%
Chapitre 17 Les quatre champions
23%
Chapitre 14 Les Sortilèges Impardonnables
23%
Chapitre 34 Priori Incantatum
23%
Chapitre 11 A bord du Poudlard Express
21%
Chapitre 30 La Pensine
21%
Chapitre 25 L'œuf et l'œil
21%
Chapitre 10 Tempête au ministère
21%
Chapitre 21 Le Front de Libération des Elfes de Maison
20%
Chapitre 35 Veritaserum
17%
Chapitre 27 Le retour de Patmol
16%
Chapitre 24 Le scoop de Rita Skeeter
16%
Nombre d'exemplaire vendus dans le monde entier 66 millions
13%
Chapitre 28 La folie de Mr Croupton
13%
Chapitre 29 Le rêve
13%
Chapitre 32 Les os, la chair et le sang
13%
Chapitre 8 La Coupe de Quidditch
4%
Aucun quiz correspondant
Distribution des résultats
% des personnes avec chaque résultat
Percentile par nombre de réponses
Votre historique - résultats
Vous n’avez pas pris ce quiz